Trasa Linii 230 (MPK KRAKÓW) - Statystyki

Ogólne statystyki
  • Ten quiz został rozwiązany 4 razy
  • Średni wynik to 12 z 18
Statystyki odpowiedzi
Lp. Ulica Przystanek % Poprawnych
1. Na Błonie Bronowice Małe
100%
2. ↑ Balicka Bronowice Małe
100%
3. Armii Krajowej Bronowice SKA
100%
6. (NŻ) Jasnogórska Jasnogórska
100%
7. (NŻ) Modlnica ul. Częstochowska Modlnica Podchruście
100%
4. Jasnogórska Armii Krajowej Rondo Ofiar Katynia
100%
5. Jasnogórska Stawowa
100%
11. (NŻ) Modlnica ul. Świętego Wojciecha Modlnica Skrzyżowanie
67%
12. Modlnica ul. Świętego Wojciecha Modlnica Szkoła
67%
10. Modlniczka pl. Norbertanek Modlniczka Dworska
67%
8. (NŻ) Modlniczka ul. Krakowska Modlniczka Poligon
67%
9. (NŻ) Modlniczka ul. Krakowska Modlniczka Willowa
67%
13. (NŻ) Modlnica ul. Kościelna Modlnica Kościelna
33%
15. Tomaszowice ul. Krakowska Tomaszowice Dwór
33%
16. (NŻ) Tomaszowice ul. Ujazdowska Tomaszowice Kolberga
33%
17. (NŻ) Tomaszowice ul. Ujazdowska Tomaszowice Spacerowa
33%
14. (NŻ) Tomaszowice ul. Krakowska Tomaszowice Zacisze
33%
18. Ujazd ul. Krótka Ujazd Pętla
33%
Nie znaleziono quizów pasujących do podanych kryteriów
Rozkład punktacji
Procent ludzi z każdym wynikiem
Percentyl według liczby udzielonych odpowiedzi
Twoja historia wyników
Nie rozwiązałeś tego quizu